Dawson's Creek characters - Statistics

General Stats
  • This quiz has been taken 533 times
  • The average score is 7 of 9
Answer Stats
Actor Character % Correct
James Van Der Beek Dawson Leery
100%
Katie Holmes Joey Potter
98%
Joshua Jackson Pacey Witter
97%
Michelle Williams Jen Lindley
90%
Kerr Smith Jack McPhee
84%
Meredith Monroe Andie McPhee
78%
John Wesley Shipp Mitch Leery
47%
Mary-Margaret Humes Gail Leery
45%
Nina Repeta Bessie Potter
38%
No matching quizzes found
Score Distribution
Percent of People with Each Score
Percentile by Number Answered
Your Score History
You have not taken this quiz